000 00248nam a2200097 a 4500
005 20201002035707.0
008 131015s1995 000 spa d
245 0 _aEncuentros en los conchales fueguinos.
260 _aMadrid,
_c1995.
999 _c41152
_d41152
040 _aDO-SdBNP